| 000 | 00803nam a22002177a 4500 | ||
|---|---|---|---|
| 999 |
_c12982 _d12982 |
||
| 003 | AR-CdUCM | ||
| 008 | 190410b ||||| |||| 00| 0 spa d | ||
| 040 |
_aMUNICIPALIDAD PROVINCIAL DEL CUSCO _cBIBLIOTECA MUNICIPAL DEL CUSCO |
||
| 082 |
_a985.04 / _bP96 |
||
| 245 | _aDiscursos pronunciados en actuaciones cívicas conmemorativas / | ||
| 260 |
_aLima : _bComisión Nacional del Sesquicentenario de la Independencia del Perú : _c1972. |
||
| 300 |
_a1 tomo ; _c24 cm. |
||
| 505 | _aContenido :t.1. Etapa Sanmartiniana / | ||
| 650 |
_aPerú _935 |
||
| 650 |
_aHistoria _9136 |
||
| 650 |
_aEnsayos, conferencias, _91255 |
||
| 650 |
_aAniversarios _91064 |
||
| 710 |
_aComisión Nacional del Sesquicentenario de la Independencia del Perú _918420 |
||
| 942 |
_2ddc _cLIBROS |
||
| 945 |
_arjall _d2019-04-10 |
||